Interior World Magazine for High Quality Interior Design (Record no. 1550)
[ view plain ]
| 000 -LEADER | |
|---|---|
| fixed length control field | 00261nam a2200097Ia 4500 |
| 008 - FIXED-LENGTH DATA ELEMENTS--GENERAL INFORMATION | |
| fixed length control field | 200302s9999 xx 000 0 und d |
| 100 ## - MAIN ENTRY--PERSONAL NAME | |
| Personal name | C. C. Clubhouse |
| 245 ## - TITLE STATEMENT | |
| Title | Interior World Magazine for High Quality Interior Design |
| 260 ## - PUBLICATION, DISTRIBUTION, ETC. | |
| Name of publisher, distributor, etc. | Publisher |
| 300 ## - PHYSICAL DESCRIPTION | |
| Extent | 191 P., |
| Withdrawn status | Lost status | Damaged status | Not for loan | Permanent Location | Current Location | Date acquired | Cost, normal purchase price | Full call number | Barcode | Date last seen | Price effective from | Koha item type |
|---|---|---|---|---|---|---|---|---|---|---|---|---|
| BMS College of Architecture, Design and Planning | BMS College of Architecture, Design and Planning | 2020-03-03 | 1950.00 | 747.84 | CL-UG42029 | 2020-03-03 | 2020-03-03 | UG Books from CL |